000 00459nam a2200181Ii 4500
003 JO-AjNU
008 230606s9999||||xx |||||||||||||| ||und||
040 _aJO-AjNU
_beng
_erda
_cJO-AjNU
041 _aeng
050 1 4 _aB778 2008
100 3 _aDavied, Touy,
_eauthor
_960
245 0 0 _aHumanism
264 3 1 _aRou Holge
336 _atext
_btxt
_2rdacontent
337 _aunmediated
_bn
_2rdamedia
338 _avolume
_bnc
_2rdacarrier
650 4 _a Humanism
_961
999 _aE34
_c34
_d34